Suki Waterhouse - Wild Side lyrics - Statistics

General Stats
  • This quiz has been taken 23 times
  • The average score is 194 of 247
Answer Stats
Hint Answer % Correct
a
100%
always
100%
Always
100%
and
100%
be
100%
calls,
100%
got
100%
has
100%
her?
100%
I
100%
in
100%
it
100%
It
100%
it's
100%
me
100%
mind
100%
side?
100%
so
100%
the
100%
The
100%
through
100%
to
100%
we
100%
When
100%
when
100%
wild
100%
with
100%
would
100%
Would
100%
you
100%
You
100%
all
75%
been
75%
before
75%
behind
75%
but
75%
can
75%
'Cause
75%
chapter's
75%
closed
75%
crazy
75%
door
75%
else
75%
ex
75%
feels
75%
had
75%
how
75%
Chorus | Chorus x3 If
75%
I'll
75%
know
75%
left
75%
lost
75%
Verse 1 Love
75%
my
75%
no
75%
not
75%
of
75%
read
75%
Remember
75%
run?
75%
run
75%
running
75%
say
75%
see
75%
she
75%
She
75%
somebody
75%
sometimes
75%
that
75%
this
75%
was
75%
way
75%
We've
75%
who's
75%
words
75%
your
75%
you're
75%
You're
75%
again
50%
between
50%
big,
50%
control
50%
ear
50%
girl
50%
just
50%
learned
50%
lines
50%
loved
50%
myself
50%
one
50%
over
50%
remind
50%
stories
50%
tell
50%
there's
50%
They
50%
They're
50%
thinking
50%
up
50%
Where
50%
whispers
50%
young
50%
end,
25%
ends
25%
fictions
25%
grow
25%
hurt
25%
lies
25%
talking
25%
truths,
25%
yours
25%
hunter
0%
life's,
0%
'round
0%
world
0%
wrap
0%
No matching quizzes found
Score Distribution
Percent of People with Each Score
Percentile by Number Answered
Your Score History
You have not taken this quiz